Statistiques concernant La réponse commence par C

Cliquez ici pour prendre le quiz!

Statistiques générales

  • Ce quiz a été pris 822 fois
  • Le résultat moyen est 13 sur 20

Statistiques - réponses

IndicesRéponses% Correct
Légume préféré de Bugs BunnyCarotte
96%
Il a découvert l'Amérique en voulant aller en IndeChristophe Colomb
96%
Cela peut être une maladie ou un signe zodiacalCancer
94%
Il peut être allongé, frappé, turc, liégeois ou noirCafé
92%
Regroupement d'objets par un passionnéCollection
92%
Instrument de musique à vent souvent associé à l'EcosseCornemuse
92%
Petits morceaux de papiers ronds colorés lancés lors de festivitésConfettis
91%
Cabine de pilotage d'un avionCockpit
85%
Action de consommer un individu de la même espèce que soi-mêmeCannibalisme
84%
Ancien nom de la ville d'Istanbul en TurquieConstantinople
81%
Noms donnés aux bandes dessinées américainesComics
80%
Mascotte de l'Île aux enfantsCasimir
73%
On la surnomme Bête à bon DieuCoccinelle
58%
Starter eau de la première génération de PokemonCarapuce
54%
Apparition sous forme de clin d'oeil d'une célébrité dans un film ou une sérieCaméo
39%
Dessin animé français mettant en scène 5 adolescents qui tente de sauver le monde d'une intelligence artificielleCode Lyoko
39%
Sakura les chasse dans un célèbre mangaCartes
16%
Organisation criminelle combattue par les G.I. JoeCobra
12%
Constellation de l'armure de Hyoga dans Saint SeiyaCygne
11%
Race extraterrestres cherchant à envahir la Terre dans le premier film AvengersChitauri
6%

Distribution des résultats

Percentile par nombre de réponses

% des personnes avec chaque résultat

Votre développement - résultats

Vous n’avez pas pris ce quiz